| 000 | 00588nam a2200205 i 4500 | ||
|---|---|---|---|
| 001 | bg | ||
| 100 | 1 | _aBOSZKO, Jerzy | |
| 245 | 1 | 0 |
_aWstęp do inżynierii zarządzania / _cJerzy Boszko. |
| 260 |
_aPoznań : _bWydaw. Wyższej Szkoły Komunikacji i Zarządzania, _c1999. |
||
| 300 |
_a116 s. : _brys., wykr. ; _c24 cm. |
||
| 650 | 9 |
_aZarządzanie _xmetody |
|
| 650 | 9 |
_aProdukcja _xorganizacja |
|
| 020 | _a8388018027 | ||
| 040 | _cBPK | ||
| 041 | 0 | _apl | |
| 080 | _a658.5.012.4::66/69(075.8) | ||
| 920 | _a83-88018-02-7 | ||
| 942 | _cKS | ||
| 008 | s pl f |000 0 pol | ||
| 999 |
_c36866 _d36866 |
||
| 856 |
_uhttp://koha.tu.koszalin.pl/cgi-bin/koha/opac-detail.pl?biblionumber=36866 _yKatalog online BPK |
||